[Event "Sonipat Prakash Singh Memorial 1st"]
[Site "Sonipat"]
[Date "2017.04.18"]
[Round "4"]
[White "Sachin, Malik"]
[Black "Srinath, Rao SV"]
[Result "0-1"]
[WhiteElo "1885"]
[BlackElo "2312"]
[PlyCount "98"]
[EventDate "2017.04.17"]
[EventType "swiss"]
[EventRounds "10"]
[EventCountry "IND"]
[SourceTitle "CBM 177 Extra"]
[Source "ChessBase"]
[SourceDate "2017.04.27"]
[SourceVersion "1"]
[SourceVersionDate "2017.04.27"]
[SourceQuality "1"]

1. e4 e6 2. d4 d5 3. Nc3 Nf6 4. e5 Nfd7 5. f4 c5 6. Nf3 Nc6 7. Be3 a6 8. Qd2 b5 9. dxc5 Bxc5 10. Bd3 0-0 11. Ne2 f6 12. Ned4 Nxd4 13. Bxd4 fxe5 14. Bxc5 Nxc5 15. Nxe5 Nd7 16. Nxd7 Bxd7 17. 0-0-0 a5 18. Rhe1 Qf6 19. g3 b4 20. Bf1 Rfc8 21. Qd4 Qxd4 22. Rxd4 Rc5 23. Kd2 Kf7 24. Re3 Rac8 25. c3 Kf6 26. Bg2 bxc3+ 27. Rxc3 Rxc3 28. bxc3 Rb8 29. Ke3 Bb5 30. Bf3 Rc8 31. Kd2 Bc4 32. Bd1 Rb8 33. Kc1 Bxa2 34. Ra4 Bb3 35. Rxa5 Bxd1 36. Kxd1 Rb1+ 37. Ke2 Rb2+ 38. Kf3 Rxh2 39. Ra3 Rd2 40. Ke3 Rg2 41. Kf3 Rc2 42. Ke3 Kf5 43. Kf3 h5 44. Rb3 g5 45. fxg5 Kxg5 46. Ra3 Kf5 47. Ke3 e5 48. Kf3 e4+ 49. Ke3 Ke5 0-1